The Innoko gold-placer district, Alaska, with accounts of the central Kuskokwim Valley and the Ruby Creek and Gold Hill placers, (Record no. 24898)

MARC details
000 -LEADER
fixed length control field 00905cam a22002531 4500
001 - CONTROL NUMBER
control field gs 10000057
003 - CONTROL NUMBER IDENTIFIER
control field DLC
005 - DATE AND TIME OF LATEST TRANSACTION
control field 20260227111309.0
008 - FIXED-LENGTH DATA ELEMENTS--GENERAL INFORMATION
fixed length control field 870919s1910 dcub f000 0 eng
010 ## - LIBRARY OF CONGRESS CONTROL NUMBER
LC control number gs 10000057
035 ## - SYSTEM CONTROL NUMBER
System control number (OCoLC)16720266
040 ## - CATALOGING SOURCE
Original cataloging agency DLC
Transcribing agency OrPS
Modifying agency DLC
042 ## - AUTHENTICATION CODE
Authentication code premarc
043 ## - GEOGRAPHIC AREA CODE
Geographic area code n-us-ak
050 00 - LIBRARY OF CONGRESS CALL NUMBER
Classification number TN423.A7
Item number M2
100 1# - MAIN ENTRY--PERSONAL NAME
Personal name Maddren, A. G.
Fuller form of name (Alfred Geddes),
Dates associated with a name 1875-
245 04 - TITLE STATEMENT
Title The Innoko gold-placer district, Alaska, with accounts of the central Kuskokwim Valley and the Ruby Creek and Gold Hill placers,
Statement of responsibility, etc. by A. G. Maddren.
260 ## - PUBLICATION, DISTRIBUTION, ETC.
Place of publication, distribution, etc. Washington,
Name of publisher, distributor, etc. Govt. Print. Off.,
Date of publication, distribution, etc. 1910.
300 ## - PHYSICAL DESCRIPTION
Extent 87 p.
Other physical details v fold. maps. (1 in pocket)
Dimensions 24 cm.
490 1# - SERIES STATEMENT
Series statement U.S. Geological survey. Bulletin
Volume/sequential designation 410
500 ## - GENERAL NOTE
General note Issued also as House doc. no. 188, 61st Cong., 2d sess.
650 #0 - SUBJECT ADDED ENTRY--TOPICAL TERM
Topical term or geographic name entry element Gold mines and mining
Geographic subdivision Alaska.
830 #0 - SERIES ADDED ENTRY--UNIFORM TITLE
Uniform title Geological Survey bulletin ;
Volume/sequential designation 410.

No items available.

Powered by Koha